Vyřeší nová Africká unie (AU) staré problémy?

Stručný historický pohľad na Afriku. Hrozba hladomoru v Afrike. Ekonomické zaostávanie a politický vývoj. Prerod Organizácie africkej jednoty na Africkú úniu. Rozvojová pomoc africkým krajinám. Hlavné príčiny hospodárskeho zaostávania Afriky. Obchodné vzťahy Českej republiky s africkými krajinam...

Descrizione completa

Salvato in:
Dettagli Bibliografici
Autore principale: Levora, Josef
Natura: Capitolo di libro
Lingua:ceco
Soggetti:
Tags: Aggiungi Tag
Nessun Tag, puoi essere il primo ad aggiungerne!!

MARC

LEADER 00000naa$a2200000$$$4500
001 0004263
005 20231004105858.6
041 0 |a cze 
044 |a CZ 
245 1 0 |a Vyřeší nová Africká unie (AU) staré problémy?  |c aut. Josef Levora 
520 |a Stručný historický pohľad na Afriku. Hrozba hladomoru v Afrike. Ekonomické zaostávanie a politický vývoj. Prerod Organizácie africkej jednoty na Africkú úniu. Rozvojová pomoc africkým krajinám. Hlavné príčiny hospodárskeho zaostávania Afriky. Obchodné vzťahy Českej republiky s africkými krajinami. Medziafrická obchodná spolupráca. 
610 2 0 |a Afrika 
610 2 0 |a vývoj politický 
610 2 0 |a vývoj hospodársky 
610 2 0 |a chudoba 
610 2 0 |a história 
610 2 0 |a pomoc medzinárodná 
610 2 0 |a pomoc rozvojová 
610 2 0 |a zaostalosť hospodárska 
100 1 |a Levora, Josef